Guess The Weeknd Song #2 - Statistics

General Stats
  • This quiz has been taken 204 times
  • The average score is 7 of 12
Answer Stats
Lyric Song % Correct
Hundred models gettin' faded in the compound Tryna love me, but they never get a pulse down Heartless
79%
I'm like, got up, thank the Lord for the day Party Monster
76%
But tonight, I'm gon' let you know Let me tell the truth Baby, let me tell the truth, yeah Die For You
73%
Order plane tickets Cali is the mission Visit every month like I'm split life living The Morning
67%
The last few months, I've been workin' on me, baby There's so much trauma in my life Out of Time
66%
I saw the fire in your eyes I saw the fire when I look into your eyes Take My Breath
60%
I was born in a city Where the winter nights don't ever sleep Sacrifice
57%
Suppressing who I was inside So I throw two thousand ones in the sky Alone Again
55%
He sang a song when he did it He was cold and he was so unforgiving In the Night
54%
This house is not a home to you But you decide to go ahead and lay down, lay down Twenty Eight
54%
We broke up in the club And I almost died in the discotheque Don’t Break My Heart
51%
I can see the real you, girl You don't have to hide How Do I Make You Love Me?
43%
No matching quizzes found
Score Distribution
Percent of People with Each Score
Percentile by Number Answered
Your Score History
You have not taken this quiz